Una economía colonial: Chile en el siglo XVIII
Furkejuvvon:
| Váldodahkki: | |
|---|---|
| Materiálatiipa: | Girji |
| Giella: | espánnjágiella |
| Almmustuhtton: |
Buenos Aires, Argentina
Eudeba
1965
|
| Fáttát: | |
| Fáddágilkorat: |
Lasit fáddágilkoriid
Eai fáddágilkorat, Lasit vuosttaš fáddágilkora!
|
MARC
| LEADER | 00000nam a2200000 a 4500 | ||
|---|---|---|---|
| 001 | UCO2140 | ||
| 003 | CL-VaPUC | ||
| 005 | 20210605001720.0 | ||
| 008 | 000602e19650000AG |||||||||||||||||spa|d | ||
| 999 | |c 288679 |d 288677 | ||
| 040 | |c Pontificia Universidad Católica de Valparaíso | ||
| 082 | 0 | 4 | |a 983.03 ROM 1965 |2 21 |
| 100 | 0 | |a Romano, Ruggiero |e author |9 445014 | |
| 245 | 1 | 4 | |a Una economía colonial: |b Chile en el siglo XVIII |
| 260 | |a Buenos Aires, Argentina |b Eudeba |c 1965 | ||
| 300 | |a 75 páginas | ||
| 583 | |a last modification |c 20160826 12:36:54 |k Rodrigo Vera | ||
| 650 | 7 | |a HISTORIA DE CHILE |2 CL-VaPUC |9 314072 |y SIGLO 18 | |
| 650 | 7 | |a EPOCA COLONIAL |2 CL-VaPUC |9 445015 |z CHILE | |
| 650 | 0 | |a Historia económica |z CHILE |9 307218 | |
| 852 | |a BIBCUR | ||
| 942 | |c BK |2 ddc | ||
| 945 | |d 20000602 00:00:00 |a crobeson | ||
| 952 | |0 0 |1 0 |2 ddc |4 0 |6 983_030000000000000_ROM_1965 |7 0 |8 A |9 336534 |a BIBHIS |b BIBHIS |d 2019-11-20 |i 1279270 |o 983.03 ROM 1965 |p 1279270 |r 2025-01-20 |t 1 |w 2019-11-20 |y BK |k HIS | ||
| 952 | |0 0 |1 0 |2 ddc |4 0 |6 983_030000000000000_ROM_1965 |7 0 |8 A |9 336535 |a BIBHIS |b BIBHIS |d 2019-11-20 |i 1279289 |o 983.03 ROM 1965 |p 1279289 |r 2025-01-20 |t 2 |w 2019-11-20 |y BK |k HIS | ||
| 952 | |0 0 |1 0 |2 ddc |4 0 |6 983_030000000000000_ROM_1965 |7 0 |8 A |9 336536 |a BIBHIS |b BIBHIS |d 2019-11-20 |i 1279297 |o 983.03 ROM 1965 |p 1279297 |r 2025-01-20 |t 3 |w 2019-11-20 |y BK |k HIS | ||
| 952 | |0 0 |1 0 |2 ddc |4 0 |6 983_030000000000000_ROM_1965 |7 0 |8 A |9 336537 |a BIBHIS |b BIBHIS |d 2019-11-20 |i 1279300 |l 1 |o 983.03 ROM 1965 |p 1279300 |r 2025-01-20 |s 2024-01-19 |t 4 |w 2019-11-20 |y BK |k HIS | ||